Осколки прошлого (Запись № 13336766)

Подробности
000 -МАРКЕР
контрольное поле 02755nam0a2200337 4500
001 - ИДЕНТИФИКАТОР ЗАПИСИ
контрольное поле RU\NLR\BIBL_A\022415396
005 - ИДЕНТИФИКАТОР ВЕРСИИ
контрольное поле 20250204104618.0
010 ## - МЕЖДУНАРОДНЫЙ СТАНДАРТНЫЙ НОМЕР КНИГИ (ISBN)
Номер (ISBN) 978-5-04-202114-5
Тираж 3000
021 ## - НОМЕР ГОСУДАРСТВЕННОЙ РЕГИСТРАЦИИ
Код страны Российская Федерация
Номер КН-П-24-068530
Номер Листа государственной регистраци КН-П-24-6835
035 ## - ДРУГИЕ СИСТЕМНЫЕ НОМЕРА
Идентификатор записи (NLR Aleph) 022415396
100 ## - ДАННЫЕ ОБЩЕЙ ОБРАБОТКИ
Данные общей обработки 20241218d2024 u y0rusy50 ca
101 1# - ЯЗЫК РЕСУРСА
Язык текста, звукозаписи и т.д. русский
Язык оригинала английский
102 ## - СТРАНА ПУБЛИКАЦИИ ИЛИ ПРОИЗВОДСТВА
Страна публикации Российская Федерация
105 ## - ПОЛЕ КОДИРОВАННЫХ ДАННЫХ: ТЕКСТОВЫЕ МАТЕРИАЛЫ, МОНОГРАФИЧЕСКИЕ
Кодированные данные о монографическом текстовом документе y|||z|||000ay
181 #0 - ПОЛЕ КОДИРОВАННЫХ ДАННЫХ: ВИД СОДЕРЖАНИЯ
Код вида содержания (ISBD) i
Код характеристики содержания (ISBD) xxxe
182 #1 - ПОЛЕ КОДИРОВАННЫХ ДАННЫХ: ТИП СРЕДСТВА
Код типа средства (ISBD) n - непосредственное
200 1# - ЗАГЛАВИЕ И СВЕДЕНИЯ ОБ ОТВЕТСТВЕННОСТИ
Основное заглавие Осколки прошлого
Первые сведения об ответственности Карин Слотер
Последующие сведения об ответственности перевод [с английского] Масленникова Т.
203 ## - ВИД СОДЕРЖАНИЯ И ТИП СРЕДСТВА
Вид содержания Текст
Дополнительные сведения об издании визуальный
Тип средства непосредственный
210 ## - ПУБЛИКАЦИЯ, РАСПРОСТРАНЕНИЕ И ДР.
Место издания, распространения и т.д. Москва
Имя издателя, распространителя и т. д. Эксмо, Inspiria
Дата издания, распространения и т.д. 2024
215 ## - ФИЗИЧЕСКАЯ ХАРАКТЕРИСТИКА
Специфическое обозначение материала и объем 539, [2] с.
Размеры 20
330 ## - РЕЗЮМЕ ИЛИ РЕФЕРАТ
Текст примечания Андреа Оливер думает, что знает о своей матери все. У Лоры никогда не было от нее секретов: живет тихой и счастливой жизнью в маленьком прибрежном городке Белль-Айл, работает логопедом и дружит со всеми соседями. По крайней мере, такой ее всегда знала Андреа - спокойной, заботливой и жизнерадостной. Но все меняется, когда на них жестоко нападают в кафе. Лора совершает то, чего дочь и представить себе не могла, - спокойно расправляется с нападающим. Неужели мама способна на такое хладнокровие и жестокость? Как будто стала совершенно другим человеком. Так и есть. Почти тридцать лет Лора скрывалась от себя прежней, затаилась в надежде, что ее никто и никогда не найдет. И вот она разоблачена. Теперь им обеим грозит опасность, но Лора отказывается говорить с дочерью. Андреа придется самой по кусочкам раскрыть секреты прошлого матери, чтобы спасти их обеих. И время ее на исходе..
333 ## - ПРИМЕЧАНИЯ ОБ ОСОБЕННОСТЯХ РАСПРОСТРАНЕНИЯ И ИСПОЛЬЗОВАНИЯ
Текст примечания 18+
675 ## - УНИВЕРСАЛЬНАЯ ДЕСЯТИЧНАЯ КЛАССИФИКАЦИЯ (UDC/УДК)
Индекс 821.111(73)-31
Издание 4
686 1# - ИНДЕКСЫ ДРУГИХ КЛАССИФИКАЦИЙ
Индекс Ш6(7США)67-446{Лх1979-60}
700 #1 - ИМЯ ЛИЦА - ПЕРВИЧНАЯ ОТВЕТСТВЕННОСТЬ
Графика поля Кириллица
Материалы, к которым относится поле rus
Начальный элемент ввода Слотер
Часть имени, кроме начального элемента ввода К.
Даты 1971-
Расширение инициалов личного имени Карин
Системный номер авторитетной/нормативной записи 245830
Идентификатор авторитетной/нормативной записи RU\NLR\AUTH\770245886
942 ## - ДОПОЛНИТЕЛЬНЫЕ ЭЛЕМЕНТЫ ЗАПИСИ (АБИС)
Тип экземпляра АБИС Книга
980 ## - КОЛЛЕКЦИЯ
Название коллекции Национальная библиография
Экземпляры
Тип экземпляра Дата поступления Источник поступления Библиотека постоянного хранения Библиотека текущего хранения Место хранения Шифр хранения Штрих-код Статус экземпляра
Книга 18.12.2024 Обязательный экземпляр РНБ (Московский) РНБ (Московский) Русский книжный фонд: издания с 1957 года 2024-3/24877 1-4747109  
Книга 18.12.2024 Обязательный экземпляр РНБ (Московский) РНБ (Московский) Обменный фонд   1-4747105